Jake Paul professional boxing record - Statistics

General Stats
  • This quiz has been taken 28 times
  • The average score is 8 of 13
Answer Stats
Result Date Opponent % Correct
Win via UD 11/15/2024 Mike tyson
83%
Loss via SD 02/26/2023 Tommy fury
83%
Win via UD 08/05/2023 Nate Diaz
78%
Win via UD 10/29/2023 Anderson silva
74%
Win via KO round 1 04/17/2021 Ben askren
65%
Win via KO round 6 12/18/2021 Tyron woodley
65%
Win via SD 08/29/2021 Tyron woodley
65%
Win via KO round 5 08/25/2018 Deji Olatunji
61%
Win via KO round 2 11/28/2020 Nate robinson
57%
Win via KO round 1 01/30/2020 Enesongib
48%
Win via KO round 6 7/24/2024 Mike perry
39%
Win via KO round 1 12/15/2023 Andre august
35%
Win via KO round 1 3/02/2024 Ryan Bourland
30%
No matching quizzes found
Score Distribution
Percent of People with Each Score
Percentile by Number Answered
Your Score History
You have not taken this quiz